| 000 | nam a22 7a 4500 | ||
|---|---|---|---|
| 999 |
_c126944 _d126944 |
||
| 008 | 170907b xxu||||| |||| 00| 0 eng d | ||
| 050 | _aLB775.P49T4 1969 | ||
| 100 |
_aBott, R. et al _935717 |
||
| 245 |
_aThe teaching of young children _bSome applications of piagets learning theory _c/ R. Boot |
||
| 260 |
_aNew York _bSchocken Books _c1969 |
||
| 300 |
_avii, 192p. ; _c22cm. |
||
| 600 |
_aPiaget, Jean _934505 |
||
| 650 |
_aEducation, elementary _xHandbooks _935718 |
||
| 700 |
_aBrearley, Molly _eed. _935719 |
||
| 942 |
_2lcc _cMONOGRAPH |
||